000
00228nam a2200085Ia 4500
245
0
_a
Living with ghosts
100
_a
Sperring, Kari New York, [c.2009]
_9
100149
942
_c
BK
008
210825s9999 xx 000 0 und d
999
_c
553500
_d
553499